000 01564nam a2200289Ia 4500
999 _c55197
_d55197
001 22272
003 GE_BSU
005 20230222171346.0
008 181216s ||||ge |||||||||||||| ||geo||
020 _a978-9941-13-189-9
040 _cGE_BSU
041 _ageo
080 _a811.353.1'01'373.46+001.4 მ-54
100 _aმელიქიშვილი, დამანა
_98281
245 _aძველი ქართული ფილოსოფიურ–თეოლოგიური ტერმინოლოგიის ისტორიიდან /
_cდამანა მელიქიშვილი ; რედაქტორი მაია რაფავა.
264 _aთბილისი :
_bთბილ. უნ-ტის გამ-ბა,
_c2011.
300 _a453 გვ. ;
_c20 სმ.
500 _aპარალელური სათაური ინგლისურ ენაზე
520 _aპარალ. სათ. ინგლ.ენ.
541 _h20 ლ.
653 _aქართული ენა .
653 _aძველი ქართული ენა
653 _aფილოსოფიური ტერმინები ძველ ქართულ ენაში
653 _aძველი ქართული ფილოსოფიურ–თეოლოგიური ტერმინოლოგიის ისტორიიდან
700 _aრაფავა, მაია
_eრედაქტორი
_914986
942 _cBK
_2udc